Teoría del movimiento: motricidad deportiva
Gardado en:
| Main Authors: | , |
|---|---|
| Formato: | Libro |
| Idioma: | Lingua castelá |
| Publicado: |
Buenos Aires
Stadium
2004
|
| Edición: | 2a. ed |
| Subjects: | |
| Tags: |
Engadir etiqueta
Sen Etiquetas, Sexa o primeiro en etiquetar este rexistro!
|
MARC
| LEADER | 00000nam a2200000 a 4500 | ||
|---|---|---|---|
| 001 | UCG6885 | ||
| 003 | CL-VaPUC | ||
| 008 | 110526e20040000AG |||||||||||||||||spa|d | ||
| 020 | |a 9505312032 | ||
| 082 | 0 | 4 | |a 796.01 |b MEI |2 21 |
| 100 | |a Meinel, Kurt |e autor |9 557321 | ||
| 700 | 0 | |a Schnabel, Gunter |e author |9 557322 | |
| 245 | 1 | 0 | |a Teoría del movimiento: motricidad deportiva |
| 250 | |a 2a. ed | ||
| 300 | |a 484 p | ||
| 942 | |c BK | ||
| 945 | |d 20110526 00:00:00 |a jcampos | ||
| 260 | |a Buenos Aires |b Stadium |c 2004 | ||
| 650 | 7 | |a MOVIMIENTO SISTEMA LOCOMOTOR |2 CL-VaPUC |9 309819 | |
| 650 | 7 | |a MOTRICIDAD DEPORTIVA |2 CL-VaPUC |9 557323 | |
| 650 | 0 | |a Aptitud motora |9 307353 | |
| 650 | 7 | |a MECANICA HUMANA |2 CL-VaPUC |9 308141 | |
| 650 | 0 | |a Educación física |9 240893 | |
| 650 | 7 | |a LOCOMOCION HUMANA |2 CL-VaPUC |9 308868 | |
| 583 | |a last modification |c 20110526 00:00:00 |k Rodrigo Vera | ||
| 999 | |c 344994 |d 344992 | ||
| 952 | |0 0 |1 0 |4 0 |6 796_010000000000000_MEI_2004 |7 0 |8 A |9 443374 |a BIBEDU |b BIBEDU |d 2019-11-22 |i 4780442 |l 1 |o 796.01 MEI 2004 |p 4780442 |r 2023-03-28 |s 2023-03-16 |w 2019-11-22 |y BK |k EFI | ||